Welcome to CU Library Online Public Access Catalogue (OPAC)

Creative activities for young children / (Record no. 5072)

MARC details
000 -LEADER
fixed length control field 01090cam a2200265 a 4500
001 - CONTROL NUMBER
control field 13884783
005 - DATE AND TIME OF LATEST TRANSACTION
control field 20250322110251.0
008 - FIXED-LENGTH DATA ELEMENTS--GENERAL INFORMATION
fixed length control field 050228s2006 at a b 001 0 eng
020 ## - INTERNATIONAL STANDARD BOOK NUMBER
International Standard Book Number 140187245X
020 ## - INTERNATIONAL STANDARD BOOK NUMBER
International Standard Book Number 9781401872458
050 00 - LIBRARY OF CONGRESS CALL NUMBER
Classification number LB1139.35.A37
Item number M365 2006
082 00 - DEWEY DECIMAL CLASSIFICATION NUMBER
Classification number 372.13
Edition information 22
100 1# - MAIN ENTRY--PERSONAL NAME
Personal name Mayesky, Mary.
245 10 - TITLE STATEMENT
Title Creative activities for young children /
Statement of responsibility, etc. Mary Mayesky.
250 ## - EDITION STATEMENT
Edition statement 8th ed.
260 ## - PUBLICATION, DISTRIBUTION, ETC.
Place of publication, distribution, etc. Australia ;
-- Clifton Park, NY :
Name of publisher, distributor, etc. Delmar/Thomson Learning,
Date of publication, distribution, etc. c2006.
300 ## - PHYSICAL DESCRIPTION
Extent xx, 628 p. :
Other physical details ill. (chiefly col.) ;
Dimensions 28 cm.
650 #0 - SUBJECT ADDED ENTRY--TOPICAL TERM
Topical term or geographic name entry element Creative activities and seat work.
650 #0 - SUBJECT ADDED ENTRY--TOPICAL TERM
Topical term or geographic name entry element Early childhood education
General subdivision Activity programs
Geographic subdivision United States.
650 #0 - SUBJECT ADDED ENTRY--TOPICAL TERM
Topical term or geographic name entry element Child development
Geographic subdivision United States.
856 42 - ELECTRONIC LOCATION AND ACCESS
Materials specified Contributor biographical information
Uniform Resource Identifier <a href="http://www.loc.gov/catdir/enhancements/fy1103/2005041405-b.html">http://www.loc.gov/catdir/enhancements/fy1103/2005041405-b.html</a>
856 42 - ELECTRONIC LOCATION AND ACCESS
Materials specified Publisher description
Uniform Resource Identifier <a href="http://www.loc.gov/catdir/enhancements/fy1103/2005041405-d.html">http://www.loc.gov/catdir/enhancements/fy1103/2005041405-d.html</a>
856 41 - ELECTRONIC LOCATION AND ACCESS
Materials specified Table of contents only
Uniform Resource Identifier <a href="http://www.loc.gov/catdir/enhancements/fy1103/2005041405-t.html">http://www.loc.gov/catdir/enhancements/fy1103/2005041405-t.html</a>
942 ## - ADDED ENTRY ELEMENTS (KOHA)
Source of classification or shelving scheme Library of Congress Classification
Koha item type Books
Edition 8th Ed.
Suppress in OPAC No
999 ## -
-- 5072
-- 5072
Holdings
Withdrawn status Lost status Source of classification or shelving scheme Damaged status Not for loan Collection Home library Current library Shelving location Date acquired Total checkouts Full call number Barcode Date last seen Copy number Price effective from Koha item type
    Library of Congress Classification     Non-fiction Business Library (Miotso) Business Library (Miotso) General stacks 03/22/2025   LB1139.35.A37 M365 2006 BSSM00001507 03/22/2025 1 03/22/2025 Books
    Library of Congress Classification     Non-fiction Business Library (Miotso) Business Library (Miotso) General stacks 03/22/2025   LB1139.35.A37 M365 2006 BSSM00001508 03/22/2025 2 03/22/2025 Books
    Library of Congress Classification     Non-fiction Business Library (Miotso) Business Library (Miotso) General stacks 03/22/2025   LB1139.35.A37 M365 2006 BSSM00001509 03/22/2025 3 03/22/2025 Books
© 2023-2024 Copyright: Central University Libraries. All Rights Reserved | Created by: Mahone Tech Office